Déjà Vu - Statistics

General Stats
  • This quiz has been taken 24 times
  • The average score is 18 of 30
Answer Stats
Hint Answer % Correct
Ant No
85%
Tunes Yes
85%
Tunes No
77%
Afterward No
77%
Allowed No
77%
Beet No
69%
Ways No
69%
Vane No
69%
Aloud No
69%
Where No
69%
Toons No
62%
Afterword No
62%
Aunt No
62%
Waste No
62%
Weighs No
62%
Won No
62%
One No
62%
Vain No
54%
Vein No
54%
Wear No
54%
Beat No
54%
Beet Yes
54%
Afterward Yes
54%
Vein Yes
54%
Tunes Yes
54%
Aunt Yes
54%
Allowed Yes
54%
Aloud Yes
46%
Allowed Yes
31%
Where Yes
23%
No matching quizzes found
Score Distribution
Percent of People with Each Score
Percentile by Number Answered
Your Score History
You have not taken this quiz